000 003250000a22001090004500
090 _aAS
_bSeriadas
245 1 0 _aContribución al estudio de las Bruneliaceas de Colombia, I
041 0 _aEspañol
100 1 _aOrozco, Clara Inés
_995409
942 _cARTICULO
773 1 _tMutisia: Acta Botánica Colombiana
_3893
_h50
_q4-12
_d1981
999 _c15298
_d15298